000 01834cab a2200229 i 4500
001 768714001
003 CO-MdFUSB
005 20230404114528.0
008 180626s2001 gt ||||| |||| 00| 0 spa d
022 _a1014-9341
040 _aCO-MdFUSB
_bspa
_cCO-MdFUSB
_dCO-MdFUSB
041 _aspa
100 1 _aMartínez, Juan F.
_eautor
245 0 3 _aLa educación teológica y su aporte hacia el proceso de paz en Guatemala
_c/ Juan F. Martínez
300 _aNúmero 28 (Enero - Junio, 2001), páginas 65-84
_c; 22 cm
520 _aLas instituciones de educación teológica pueden aportar al proceso de paz en Guatemala en a lo menos tres áreas: 1) ayudando a las iglesias a entender las huellas que los treinta años de guerra han dejado en ellas y en sus miembros; 2) analizando una serie de temas teológicos y eclesiales (tales como la misión de la Iglesia, la relación entre la Iglesia y el Estado, la escatología, la guerra justa, el pacifismo, las posturas políticas de los evangélicos, y el posible conflicto entre la responsabilidad profética de la institución y las posturas de quienes la patrocinan) en torno a la tarea concreta de construir la paz en Guatemala; y 3) capacitando a líderes de las iglesias con herramientas hermenéuticas, pastorales, homiléticas, pedagógicas y estructurales que los ayudarán a trabajar en pro de la reconciliación en la iglesia y en la sociedad. La institución que busca aportar al proceso de paz encontrará oposición y apatía; habrá un costo que pagar.
650 0 _9984
_aEducación
650 0 _91839
_aPaz
_xAspectos religiosos
_xCristianismo
_zGuatemala.
773 0 _tKairós
_049489
_961195
_gNúmero 28 (Enero - Junio, 2001), páginas 65-84
_qPágina 65
773 0 _tKairós
_049489
_981315
_gNúmero 28 (Enero - Junio, 2001), páginas 65-84
_qPágina 65
942 _cANA
999 _c51244
_d51244